| 000 | 00740nam a2200181 4500 | ||
|---|---|---|---|
| 999 |
_c3817 _d3817 |
||
| 008 | 160811b xxu||||| |||| 00| 0 eng d | ||
| 022 | _a01153153 | ||
| 082 | _aDPer 150.5 P53 June-Dec 2014 V. 47, n. 1 & 2 | ||
| 100 |
_912698 _aRances, Orlando T. |
||
| 243 | _aPhilippine journal of psychology | ||
| 245 |
_aNegative self-identity, autonomy support and disclosure among young Filipino Gay men/ _cOrlando T. Rances and Ma. Regina M. Hechanova. |
||
| 260 |
_aQuezon City: _bPsychological Association of the Philippines, _c©2014. |
||
| 300 |
_aV47 n1, pages 163-176; _c24 cm. |
||
| 500 | _aPhilippine Journal of Psychology | ||
| 650 | 0 |
_912699 _aGay men |
|
| 700 |
_912700 _aMa. Regina M. Hechanova. _eAuthor |
||
| 942 |
_2ddc _cPER |
||